Echelle de mots - De Rêve à Dodo - Statistiques

Statistiques générales
  • Ce quiz a été pris 1 279 fois
  • Le résultat moyen est 30 sur 45
Statistiques - réponses
Indice Réponse % Correct
Songe Rêve
99%
Loin d'être aigu Grave
96%
Il faut en avoir pour baisser celui de sûreté -> enlever une lettre Cran
95%
Cessation temporaire des combats -> ajouter une lettre Trêve
95%
Tout en haut du squelette Crâne
94%
Echelon militaire Grade
93%
Peut être ouvrière ou de la faim Grève
93%
Dégueulasse Crade
90%
Petit groupe, attention il peut y avoir des clashs Clan
88%
Il faut le suivre pour mener la construction à bien Plan
88%
Pâtisserie crémeuse à la texture reconnaissable Flan
87%
Le plus connu des oiseaux disparus Dodo
80%
Végétal en début de croissance -> ajouter une lettre Plant
79%
Le crime parfait n'en laisse pas Trace
76%
Cousine de la pagaie -> enlever une lettre Rame
75%
Adam est supposé être le premier Homme
72%
Surface droite et sans aspérité Plane
72%
Précieux et peu commun Rare
71%
Résultat d'une addition Somme
71%
Fruit préféré des Normands Pomme
68%
Brûle Crame
65%
L'antidote du crayon à papier (ou crayon de bois/gris suivant d'où vous venez) Gomme
63%
Sons identiques en fin de vers Rime
62%
Il faut le prendre pour sauter, l'apprivoiser est plus compliqué Élan
60%
Il est cinéma dans une maison, il est "Run" en dehors du terrain de baseball - enlever une lettre Home
60%
Outil pour frotter, notamment les ongles Lime
60%
Capitale iconique du monde antique Rome
60%
Élégance, harmonie Grâce
59%
Fond sur lequel se détachent des événements marquants, comme celle d'un récit Trame
59%
Cri du cerf (en rut) Brame
58%
Du pareil Même
57%
Gamin Môme
55%
Activer les muscles zygomatiques Rire
52%
Routière ou ferroviaire Gare
51%
Comprendre par les yeux Lire
51%
Sommet arrondi Dôme
47%
Note pour se souvenir Mémo
47%
Ancien impôt sur les récoltes Dîme
45%
Galerie la plus connue Glace
44%
Apparaît si on laisse la patate sans surveillance -> ajouter une lettre Germe
41%
Ramasse les épis dans les champs (cf. J-F Millet) Glane
41%
Raccourci d'une démonstration Démo
40%
Pay To Win de Clash of Clans Gemme
39%
Humoriste métalleux Dédo
34%
Chapeaute parfaitement Gère
30%
Aucun quiz correspondant
Distribution des résultats
% des personnes avec chaque résultat
Percentile par nombre de réponses
Votre historique - résultats
Vous n’avez pas pris ce quiz